书目信息 |
| 题名: |
汽车修理工(初中级)国家职业资格证书取证问答
|
|
| 作者: | 祖国海 主编 | |
| 分册: | ||
| 出版信息: | 北京 机械工业出版社 2005.3 |
|
| 页数: | XI,224页 | |
| 开本: | 26cm | |
| 丛书名: | 国家职业技能鉴定最新指导丛书 | |
| 单 册: | ||
| 中图分类: | U472.4 | |
| 科图分类: | ||
| 主题词: | 汽车--qi che--维修--考核--自学参考资料 | |
| 电子资源: | ||
| ISBN: | 7-111-16036-3 | |
| 000 | 01173nam0 2200301 450 | |
| 000 | 01200nam0 2200301 450 | |
| 000 | 01163nam0 2200289 450 | |
| 000 | 01146nam0 2200289 450 | |
| 000 | 01109nam 2200277 450 | |
| 001 | CAL 012006027448 | |
| 005 | 20061030094714.90 | |
| 010 | @a7-111-16036-3@dCNY22.00 | |
| 099 | @aCAL 012006027448 | |
| 100 | @a20060825d2005 em y0chiy0120 ea | |
| 101 | 0 | @achi |
| 102 | @aCN@b110000 | |
| 105 | @aak z 000yy | |
| 200 | 1 | @a汽车修理工(初中级)国家职业资格证书取证问答@Aqi che xiu li gong ( chu zhong ji ) guo jia zhi ye zi ge zheng shu qu zheng wen da@f祖国海主编 |
| 210 | @a北京@c机械工业出版社@d2005.3 | |
| 215 | @aXI,224页@c图@d26cm | |
| 225 | 2 | @a国家职业技能鉴定最新指导丛书@Aguo jia zhi ye ji neng jian ding zui xin zhi dao cong shu |
| 330 | @a本书内容分为应知和应会两部分, 应知内容有: 基础知识、汽车专业知识、汽车理论与汽车维修检测技术等, 应会内容有: 汽车拆装与维护、汽车故障诊断与排除等。 | |
| 410 | 0 | @12001 @a国家职业技能鉴定最新指导丛书 |
| 606 | 0 | @a汽车@Aqi che@x维修@x考核@j自学参考资料 |
| 690 | @aU472.4@v4 | |
| 701 | 0 | @a祖国海@Azu guo hai@4主编 |
| 801 | 0 | @aCN@c20061030 |
| 905 | @a10447@dU472.4@eZ979 | |
| 汽车修理工(初中级)国家职业资格证书取证问答/祖国海主编.-北京:机械工业出版社,2005.3 |
| XI,224页:图;26cm.-(国家职业技能鉴定最新指导丛书) |
| ISBN 7-111-16036-3:CNY22.00 |
| 本书内容分为应知和应会两部分, 应知内容有: 基础知识、汽车专业知识、汽车理论与汽车维修检测技术等, 应会内容有: 汽车拆装与维护、汽车故障诊断与排除等。 |
| ● |
| 相关链接 |
|
|
|
正题名:汽车修理工(初中级)国家职业资格证书取证问
索取号:U472.4/Z979
 
预约/预借
| 序号 | 登录号 | 条形码 | 馆藏地/架位号 | 状态 | 备注 |
| 1 | 634372 | 206343722 | 自科库501/501自科库 57排4列4层/ [索取号:U472.4/Z979] | 在馆 | |
| 2 | 634373 | 206343731 | 自科库501/501自科库 57排4列4层/ [索取号:U472.4/Z979] | 在馆 | |
| 3 | 634374 | 206343740 | 自科库501/501自科库 57排4列4层/ [索取号:U472.4/Z979] | 在馆 |